| 000 | 00824pam a2200253 a 4500 | ||
|---|---|---|---|
| 001 | 015356541 | ||
| 003 | Uk | ||
| 005 | 20130325135412.0 | ||
| 008 | 090805s2010 njuac 001 0 eng d | ||
| 020 | _a0138011788 (pbk.) | ||
| 020 | _a9780138011789 (pbk.) | ||
| 082 | 0 | 4 |
_a658.1511 _222 _bOLI |
| 100 | 1 |
_aOliver, M. Suzanne. _932969 |
|
| 245 | 1 | 0 |
_aManagerial Accounting / _cM. Suzanne Oliver, Charles T. Horngren. |
| 260 |
_aUpper Saddle River, N.J. ; _aLondon : _bPearson, _cc2010. |
||
| 300 |
_aviii, 733, [54] p. : _bill., ports. ; _c28 cm. |
||
| 500 | _a"International edition"--Cover. | ||
| 500 | _aIncludes index. | ||
| 650 | 0 |
_aManagerial accounting. _932970 |
|
| 653 |
_bPol _cMarch2013 |
||
| 690 | 7 |
_aManagement and Business Studies _2blcoll |
|
| 700 | 1 |
_aHorngren, Charles T., _d1926- _912381 |
|
| 942 |
_2ddc _cBB |
||
| 999 |
_c17400 _d17372 |
||